000 00390cam a2200157ua 4500
041 _aeng
_h
082 _a828.09
_bBAG/LI
100 _aBagehot, Walter .
245 _aLiterary studies, Vol 2 /
_cWalter Bagehot.
_hTextual Documents
250 _a1 /
_b.
260 _aLondon :
_bJ M Dent and Sons Ltd ,
_c1950.
300 _a388 ; .
504 _a
942 _cBK
999 _c6946
_d6946